| 000 | 01240nam a2200361 i 4500 | ||
|---|---|---|---|
| 001 | vtls000887899 | ||
| 003 | PNM | ||
| 005 | 20210210000358.0 | ||
| 008 | 191009s2020 my ao e 000 0 may | ||
| 015 | _aM20-01409 | ||
| 020 |
_a9789672278184 _qpaperback _cRM37.90 |
||
| 039 | 9 |
_a202007161436 _birfah _c202007131547 _dhisyamuddin_m _c202005161147 _danis_o _c202002181535 _dmawarny |
|
| 040 |
_aBNM _beng _cBNM _dPNM _dPPAK _erda |
||
| 049 | _amal | ||
| 082 | 0 | 4 |
_a297.23 _223 |
| 090 | 0 | 0 |
_a297.23 _bSHA _dG |
| 100 | 0 |
_aShafie Abdul Rahman, _d1960- _eauthor. |
|
| 245 | 1 | 0 |
_aPALUAN GENDANG PERANG AKHIR ZAMAN AL MALHAMAH AL KUBRA SEMAKIN HAMPIR.. / _cSHAFIE ABDUL RAHMAN |
| 264 | 1 |
_aPetaling Jaya, Selangor : _bHijjaz Records Publishing, _c[2020] |
|
| 300 |
_aviii, 233 pages : _bcolour illustrations, colour photographs ; _c21 cm |
||
| 336 |
_atext _2rdacontent |
||
| 337 |
_aunmediated _2rdamedia |
||
| 338 |
_avolume _2rdacarrier |
||
| 504 | _aBibliography: pages 232-233 | ||
| 650 | 1 | 0 | _aEnd of the world (Islam) |
| 650 | 2 | 0 |
_aProphecy _xIslam |
| 650 | 2 | 0 |
_aWar _xReligious aspects _xIslam |
| 942 |
_2ddc _cB |
||
| 949 |
_61001346329 _a297.23 SHA D _e2672130 |
||
| 949 | _62000720191 | ||
| 949 | _62000720267 | ||
| 949 | _62000720192 | ||
| 999 |
_c181954 _d181954 |
||